Szczegóły MARC21

Genealogia Jagiellonów /

003 -Nazwa inst., której nr kontr. jest w polu 001 [,]
    • @
    • Nazwa instytucji, której n kontrolny jest w polu 001
    • NUKAT
005 -DATA I CZAS OSTATNIEJ MODYFIKACJI [,]
    • @
    • pole kontrolne
    • 20260429175313.0
040 -Instytucja sporządzająca opis [ , ]
    • a
    • Instytucja, która sporządziła opis (NP)
    • KIEL 010/ZK
    • c
    • Instytucja, która sporządziła rekord (NP)
    • KIEL 010/ZK
    • d
    • Instytucja, która zmodyfikowała rekord (P)
    • KIEL 010/ZK
    • d
    • Instytucja, która zmodyfikowała rekord (P)
    • KIEL 010/HLs
    • d
    • Instytucja, która zmodyfikowała rekord (P)
    • WR U/al
942 -Rodzaj dokumentu [ , ]
    • c
    • Rodzaj dokumentu
    • Książka
100 -Hasło główne - nazwa osobowa [1, ]
    • a
    • Nazwa osobowa (NP)
    • Wdowiszewski, Zygmunt
    • d
    • Daty biograficzne (NP)
    • (1894-1978).
    • 9
    • KHW
    • 347557
245 -Strefa tytułu i oznaczenia odpowiedzialności [1,0]
    • a
    • Tytuł
    • Genealogia Jagiellonów / Find
    • c
    • Pozostałe elementy strefy tytułu i oznaczenia odpowiedzialności (NP)
    • Zygmunt Wdowiszewski.
260 -Strefa adresu wydawniczego [ , ]
    • a
    • Miejsce wydania (P)
    • Warszawa :
    • b
    • Nazwa wydawcy (P)
    • Instytut Wydawniczy Pax,
    • c
    • Data wydania (P)
    • 1968.
300 -Strefa opisu fizycznego [ , ]
    • a
    • Określenie formy książki i/lub objętość (NP)
    • 230, [2] s., [8] s. tabl ;
    • c
    • Format (NP)
    • 20 cm.
336 -Typ zawartości [ , ]
    • a
    • Termin opisujący typ zawartości
    • Tekst
    • b
    • Kod określający zawartość
    • txt
    • 2
    • Źródło (terminu i kodu)
    • rdacontent
337 -Typ mediów [ , ]
    • a
    • Tryb odtwarzania
    • Bez urządzenia pośredniczącego
    • b
    • Kod typu mediów
    • n
    • 2
    • Źródło (terminu i kodu)
    • rdamedia
338 -Typ/rodzaj nośnika [ , ]
    • a
    • Hasło opisujące typ nośnika
    • Wolumin
    • b
    • Kod typu nośnika
    • nc
    • 2
    • Źródło (terminu i kodu)
    • rdacarrier
380 -Deskryptor - Forma dzieła (P) [ , ]
    • a
    • forma dzieła (NP)
    • Książki
380 -Deskryptor - Forma dzieła (P) [ , ]
    • a
    • forma dzieła (NP)
    • Publikacje popularnonaukowe
388 -Deskryptor - czas powstania dzieła (P) [1, ]
    • a
    • Czas powstania dzieła (NP)
    • 1901-2000
388 -Deskryptor - czas powstania dzieła (P) [1, ]
    • a
    • Czas powstania dzieła (NP)
    • 1945-1989
504 -Uwaga dot. bibliogr. załącznikowej [ , ]
    • a
    • Uwaga dot. bibliografii załącznikowej
    • Bibliogr. s. 194-[207].
600 -Hasło przedmiotowe w formie nazwy osobowej [3,7]
    • a
    • Nazwa osobowa
    • Jagiellonowie
    • c
    • Dopowiedzenie
    • (dynastia)
    • 2
    • Źródło terminu
    • DBN
    • 9
    • KHW
    • 722261
600 -Hasło przedmiotowe w formie nazwy osobowej [3,7]
    • a
    • Nazwa osobowa
    • Jagiellonowie
    • c
    • Dopowiedzenie
    • (dynastia).
    • 2
    • Źródło terminu
    • kaba
    • 9
    • KHW
    • 396589
648 -Hasło przedmiotowe - chronologia [ ,7]
    • a
    • Deskryptor chronologiczny
    • 1301-1400
    • 2
    • Źródło terminu
    • DBN
    • 9
    • KHW
    • 721624
648 -Hasło przedmiotowe - chronologia [ ,7]
    • a
    • Deskryptor chronologiczny
    • 1401-1500
    • 2
    • Źródło terminu
    • DBN
    • 9
    • KHW
    • 720981
648 -Hasło przedmiotowe - chronologia [ ,7]
    • a
    • Deskryptor chronologiczny
    • 1501-1600
    • 2
    • Źródło terminu
    • DBN
    • 9
    • KHW
    • 720979
650 -Hasło przedmiotowe [ ,7]
    • a
    • Hasło przedmiotowe
    • Genealogia
    • 2
    • Źródło terminu
    • DBN
    • 9
    • KHW
    • 725295
650 -Hasło przedmiotowe [ ,7]
    • a
    • Hasło przedmiotowe
    • Rody
    • 2
    • Źródło terminu
    • DBN
    • 9
    • KHW
    • 721575
650 -Hasło przedmiotowe [ ,7]
    • a
    • Hasło przedmiotowe
    • Władcy i władczynie
    • 2
    • Źródło terminu
    • DBN
    • 9
    • KHW
    • 722731
651 -Hasło przedmiotowe w formie nazwy geograficznej [ ,7]
    • a
    • Nazwa geograficzna
    • Europa
    • 2
    • Źródło terminu
    • DBN
    • 9
    • KHW
    • 721720
655 -Hasło w funkcji tematu formalnego [ ,7]
    • a
    • Hasło
    • Biografia
    • 2
    • Źródło terminu
    • DBN
    • 9
    • KHW
    • 721687
658 -Ujęcie treści [ , ]
    • a
    • dziedzina nauki i sztuki/ sfera aktywności życiowej
    • Historia
658 -Ujęcie treści [ , ]
    • a
    • dziedzina nauki i sztuki/ sfera aktywności życiowej
    • Polityka, politologia, administracja publiczna
710 -Hasło dodatkowe - nazwa ciała zbiorowego [2, ]
    • a
    • Nazwa ciała zbiorowego lub nazwa geograficzna jako pierwszy element (NP)
    • Instytut Wydawniczy "Pax".
    • 4
    • Kod relacji
    • pbl
    • 9
    • KHW
    • 53061
Numer inwentarzowy Status udost. Lokalizacja
H.20441BNS